000
00260nam a2200121Ia 4500
100
_a
#N/A
650
_a
Computer/ IT
942
_c
BK
654
_a
250 animations on electronic components
245
_a
analog Electronics
260
_b
#N/A
546
_a
ENGLISH
999
_c
21100
_d
21100